00480nam a2200193 a 4500001001300000003000900013005001700022008004100039020001000080082001800090100002200108245001600130260003600146300000900182500003500191505002200226650001600248700002200264nice12345678IN_TiNIC20260116011815.0050524s1971 luca grp 000 0 urd  ac2.500a891.4391bBEH aBehzad Lucknowi,  aWajd-O-Haal aLucknowbNaseem Book Depoc1971 a107p aincludes index and biblioraphy2 aVarious Documents aUrdu-Poetry1 aBehzad Lucknowi,